Tous les Joueurs Sud-Américains valorisés à plus de 40M€ - Statistiques

Statistiques générales
  • Ce quiz a été pris 75 fois
  • Le résultat moyen est 28 sur 33
Statistiques - réponses
Prix Club Joueur Nationalité % Correct
120M Real Madrid Federico Valverde Uruguay
100%
75M Chelsea FC Enzo Fernández Argentine
98%
110M Inter Milan Lautaro Martínez Argentine
98%
110M Real Madrid Rodrygo Brésil
98%
180M Real Madrid Vinícius Júnior Brésil
98%
70M Liverpool FC Darwin Núñez Uruguay
97%
50M Manchester United Lisandro Martínez Argentine
97%
85M Newcastle United Bruno Guimarães Brésil
95%
75M Liverpool FC Luis Díaz Colombie
95%
90M Atlético Madrid Julián Álvarez Argentine
93%
45M Paris Saint-Germain Manuel Ugarte Uruguay
93%
75M Chelsea FC Moisés Caicedo Equateur
93%
70M FC Barcelone Ronald Araújo Uruguay
93%
70M Arsenal FC Gabriel Martinelli Brésil
92%
65M West Ham United Lucas Paquetá Brésil
92%
50M Paris Saint-Germain Marquinhos Brésil
92%
75M Liverpool FC Alexis MacAllister Argentine
90%
70M Arsenal FC Gabriel Magalhães Brésil
90%
60M Real Madrid Éder Militão Brésil
89%
65M Arsenal FC Gabriel Jesus Brésil
89%
60M Real Madrid Endrick Brésil
87%
45M Manchester United Alejandro Garnacho Argentine
85%
50M FC Barcelone Raphinha Brésil
82%
65M Tottenham Hotspur Cristian Romero Argentine
79%
60M Juventus Turin Bremer Brésil
74%
45M Bayer Leverkusen Exequiel Palacios Argentine
66%
50M Manchester City Savinho Brésil
66%
45M Wolverhampton Wanderers Matheus Cunha Brésil
61%
45M Brighton João Pedro Brésil
59%
70M Juventus Turin Douglas Luiz Brésil
57%
40M Atalanta Bergame Éderson Brésil
57%
40M Bayer Leverkusen Piero Hincapié Equateur
56%
40M Newcastle United Joelinton Brésil
52%
Aucun quiz correspondant
Distribution des résultats
% des personnes avec chaque résultat
Percentile par nombre de réponses
Votre historique - résultats
Vous n’avez pas pris ce quiz